| 000 -LEADER |
| fixed length control field |
00796nam a2200229Ia 4500 |
| 001 - CONTROL NUMBER |
| control field |
11338 |
| 003 - CONTROL NUMBER IDENTIFIER |
| control field |
GE_BSU |
| 008 - FIXED-LENGTH DATA ELEMENTS--GENERAL INFORMATION |
| fixed length control field |
181216s||||||||xx |||||||||||||| ||und|| |
| 040 ## - CATALOGING SOURCE |
| Transcribing agency |
GE_BSU |
| 080 ## - UNIVERSAL DECIMAL CLASSIFICATION NUMBER |
| Universal Decimal Classification number |
543.062(075.8) |
| 100 ## - MAIN ENTRY--PERSONAL NAME |
| Personal name |
დადუნაშვილი ლ.ი. |
| 245 ## - TITLE STATEMENT |
| Title |
რაოდენობითი ანალიზი |
| 245 ## - TITLE STATEMENT |
| Remainder of title |
სახელმძღვ. სამედიცინო ინ–ტის სტუდენტთათვის |
| 245 ## - TITLE STATEMENT |
| Statement of responsibility, etc. |
რედ: ალ. აბულაძე |
| 260 ## - PUBLICATION, DISTRIBUTION, ETC. |
| Place of publication, distribution, etc. |
თბილისი |
| 260 ## - PUBLICATION, DISTRIBUTION, ETC. |
| Name of publisher, distributor, etc. |
საქმედგამი |
| 260 ## - PUBLICATION, DISTRIBUTION, ETC. |
| Date of publication, distribution, etc. |
1956 |
| 300 ## - PHYSICAL DESCRIPTION |
| Extent |
325გვ.22სმ. |
| 300 ## - PHYSICAL DESCRIPTION |
| Other physical details |
ცხრილები |
| 653 ## - INDEX TERM--UNCONTROLLED |
| Uncontrolled term |
რაოდენობითი ანალიზი |
| 942 ## - ADDED ENTRY ELEMENTS (KOHA) |
| Koha item type |
წიგნი |